Adolescencia y juventud: aportes para una discusión /
Na minha lista:
| Autor principal: | |
|---|---|
| Autor Corporativo: | |
| Outros Autores: | |
| Formato: | Desconhecido |
| Publicado em: |
San José:
OPS
|
| Assuntos: | |
| Tags: |
Adicionar Tag
Sem tags, seja o primeiro a adicionar uma tag!
|
MARC
| LEADER | 00000 a2200000 04500 | ||
|---|---|---|---|
| 001 | 11443 | ||
| 003 | |||
| 008 | 991231s d | ||
| 040 | |||
| 090 | |a 139502 | ||
| 100 | |a Rojas Breedy, Ana Lorena | ||
| 110 | |a OPS. Representación de Costa Rica | ||
| 245 | |a Adolescencia y juventud: aportes para una discusión / |c Ana Lorena Rojas Breedy | ||
| 260 | |a San José: |b OPS | ||
| 300 | |a 227 p. | ||
| 650 | |a JOVENES | ||
| 650 | |a ADOLESCENCIA | ||
| 650 | |a SALUD | ||
| 650 | |a POBLACION | ||
| 650 | |a SOCIEDAD | ||
| 650 | |a GRUPOS DE EDAD | ||
| 650 | |a ORGANIZACIONES JUVENILES | ||
| 650 | |a ENFERMEDADES | ||
| 700 | |a | ||
| 700 | |a Donas Burak, Solum | ||
| 700 | |a | ||
| 999 | |c 10870 |d 10870 | ||
